000 00654nam a2200193 i 4500
001 40537
003 ES-MaACL
005 20250317133939.0
007 t|
008 030306s1973 sp ||||1| spa d
100 1 _aCarrión, Pascual,
_d1891-1976
_935807
245 1 3 _aLa reforma agraria de la Segunda República y la situación actual de la agricultura española /
_cPascual Carrión ; prólogo de Juan Velarde Fuertes.
260 _aBarcelona :
_bAriel,
_c1973.
300 _a278 p. ;
_c22 cm.
700 _aVelarde Fuertes, Juan,
_9236903
_d1927-2023
852 _aES-MaACL
_jC-54741
_bR.87127
942 _2udc
999 _c40537
_d40537